000 00330nam a2200145Ia 4500
100 _aCarlson/G.E.
650 _aElectrical Engineering
942 _cBK
654 _aEngineering
245 _aSignal & Linear System Analysis
260 _bAllied Pub
_aNew Delhi
_c1993
082 _a621.3822
546 _aENGLISH
999 _c31490
_d31490